000
00193 a2200097 4500
001
25816
100
_a
Leopold, A S
245
_a
Desert
260
_a
_b
Time Life
_c
1963
090
_c
17445
_d
17445
942
_a
NUST-CAE
_c
M
_c
8275
999
_c
260889
_d
260889